000 01122nam a22003497a 4500
001 000037181
003 CHAP
005 20220329135422.0
008 971013s1944 r 00010 d
010 _a36126
011 _a37098
035 _a41217
040 _cCHAP
090 _aFolleto 510
100 0 0 _aOrive Alba, Adolfo.
_983589
245 1 0 _aCiudades agrícolas.
260 _aMéxico, D. F. :
_bComité Permanente de la tercera (sic) Conferencia Interamericana de Agricultura,
_c1944.
300 _a51 p. mapas :
_b; planos.
490 _aPublicaciones. Sección 13A
590 _aBATCH-UPD
_b10
_c20130110
_lUCH01
_h2044
590 _aBATCH-UPD
_b10
_c20130410
_lUCH01
_h1358
590 _aBATCH-UPD
_b10
_c20130914
_lUCH01
_h1011
590 _aCONVERSION
_b10
_c20130109
_lUCH01
_h1320
590 _aE5995AHE
_b05
_c20141111
_lUCH01
_h1227
650 1 4 _aColonización agrícola
_xMéxico.
_925398
650 1 4 _aDesarrollo de la comunidad.
_931967
830 0 _aPublicaciones. Sección 13A
_992737
901 _aBK
942 _cFOLL
942 _n0
949 _aFolleto 510
_bBC
_cFOLL
_d-94351
_eTS1
_i41217
_si
999 _c36126
_d36126